000 00621nam a2200217 i 4500
003 DO-SdBNP
005 20240226075806.0
007 ta
008 240226s1946 cu 000 j spa d
040 _aDO-SdBNP
_bspa
_cBNPHU
_erda
082 _bE79
_222
245 1 0 _aEstatutos de la ¨Orden de la rosa blanca¨ /
264 1 _aLa Habana, Cuba :
_b[editor no identificado]
_c1946.
300 _a60 páginas,
_c21 cm.
336 _2rdacontent
_atexto
_btxt
337 _2rdamedia
_asin mediación
_bn
338 _2rdacarrier
_avolumen
_bnc
590 _aInventariado, 2024/ YL
910 _aYLockward
942 _2ddc
_cLF2
999 _c56001
_d56001